000 00385nam a2200145Ia 4500
008 230312s9999||||xx |||||||||||||| ||und||
020 _a0-19-920297-4
082 _a515.355
_bVAZ-S
100 _aVazquez;juan luis
245 0 _aSmoothing and decay estimates for nonlinear diffusion equations
260 _aUK
_c2006
300 _a233
650 _aEngineering
_vAvionics
942 _cBK
999 _c12475
_d12475